000 00525pab a2200181 454500
008 180718b2011 xxu||||| |||| 00| 0 eng d
100 _aBouzarovski, Stefan
245 _aA socially resilient urban transition? The contested landscapes of apartment building extensions in two post-communist cities
260 _c2011
300 _ap.2689-271
362 _aOct
650 _aUrban Development
700 _aGentile, Michael
700 _aSalukvadze, Joseph
773 _aUrban Studies
908 _aN
909 _a94539
999 _c94539
_d94539